| 000 | 00488nam a2200193Ia 4500 | ||
|---|---|---|---|
| 005 | 20140402143009.0 | ||
| 008 | 140130s9999 xx 000 0 und d | ||
| 020 | _a9780545129602 | ||
| 050 |
_aPZ 7 _b.G618Pc 2010 |
||
| 100 |
_aGold, Maya _923876 |
||
| 245 |
_cMaya Gold. _aCinderella Cleaners : _bprep cool / |
||
| 260 |
_bScholastic, _c2010. _aUSA : |
||
| 300 |
_a155 p. : _c19 cm. |
||
| 440 |
_v1 _931174 |
||
| 521 | _aG5 | ||
| 526 | _c780 | ||
| 942 |
_cBK _2lcc |
||
| 999 |
_c41116 _d41116 |
||